000 02093nam0a2200421 4500
001 RU\NLR\BIBL_A\022728923
005 20260420063357.0
010 _a978-5-4461-1881-6
_92000
021 _aRU
_bКН-П-25-080503
_9КН-П-25-7800
035 _a(NLR Aleph) 022728923
090 _a13688333
_c13688333
100 _a20260217d2026 u y0rusy50 ca
101 1 _arus
_ceng
102 _aRU
105 _aa|||z|||000yy
181 0 _ai3
_baxxe
182 0 _an
200 1 _aТоксичные родители
_eкак вернуть себе нормальную жизнь
_fСьюзан Форвард, Крейг Бак
_g[перевела с английского Д. Неверова]
203 _aТекст
_bвизуальный
_cнепосредственный
210 _aСанкт-Петербург [и др.]
_cПитер
_d2026 (печ. 2025)
215 _a349, [2] с.
_cил.
_d22
225 1 _aСерия "Сам себе психолог"
300 _aЗагл. и авт. ориг.: Toxic parents / Susan Forward, Ph.D. with Craig Buck
300 _aВ конце кн. авт.: Сьюзан Форвард, д-р философии, психотерапевт, Крейг Бак, сценарист, продюсер
320 _aБиблиогр. в конце кн.
320 _aДр. произведения авт. в конце кн.
333 _a18+
454 0 _12001#$aToxic parents$fSusan Forward, Ph.D. with Craig Buck
_1700#1$aForward$bS.$gSusan
_1701#1$aBuck$bC.$gCraig
_tToxic parents
_aForward, Susan
606 1 _aПоколения в семье
_xКонфликты
_92552778
_3RU\NLR\AUTH\661510458
606 1 _aРодительство
_xПсихологические проблемы
_92568467
_3RU\NLR\AUTH\661518971
686 1 _aС550.325
686 1 _aЮ949.246
700 1 _7ca
_8rus
_aФорвард
_bС.
_gСьюзен
_915619
_3RU\NLR\AUTH\7732611
701 1 _aБак
_bК.
_gКрейг
942 _cBOOK
980 _aNB